Asamiya bhasha aru sahityar dutiman alochona (Record no. 7406)

MARC details
000 -LEADER
fixed length control field 00601cam a2200229ua 4500
001 - CONTROL NUMBER
control field 8299
005 - DATE AND TIME OF LATEST TRANSACTION
control field 20260515114321.0
008 - FIXED-LENGTH DATA ELEMENTS--GENERAL INFORMATION
fixed length control field 150128n ii |||gr||||Z||||||asm
020 ## - INTERNATIONAL STANDARD BOOK NUMBER
International Standard Book Number 9789382750642
040 ## - CATALOGING SOURCE
Transcribing agency MAIN
041 ## - LANGUAGE CODE
Language code of text/sound track or separate title asm
082 ## - DEWEY DECIMAL CLASSIFICATION NUMBER
Classification number 491.451
100 ## - MAIN ENTRY--PERSONAL NAME
Personal name Gogoi, Karabi,
Relator term Editor.
245 12 - TITLE STATEMENT
Title Asamiya bhasha aru sahityar dutiman alochona
Statement of responsibility, etc. ed by Karabi Gogoi
250 ## - EDITION STATEMENT
Edition statement 1st.
260 ## - PUBLICATION, DISTRIBUTION, ETC.
Place of publication, distribution, etc. Dibrugarh:
Name of publisher, distributor, etc. Banalata,
Date of publication, distribution, etc. 2014.
300 ## - PHYSICAL DESCRIPTION
Extent 252p.
653 ## - INDEX TERM--UNCONTROLLED
Uncontrolled term East Indo-European & Celtic languages
653 ## - INDEX TERM--UNCONTROLLED
Uncontrolled term Assamese language
700 ## - ADDED ENTRY--PERSONAL NAME
Personal name Gogoi, Dipali,
Relator term Editor.
942 ## - ADDED ENTRY ELEMENTS (KOHA)
Koha item type Books
Holdings
Withdrawn status Lost status Damaged status Not for loan Home library Current library Shelving location Date acquired Total checkouts Full call number Barcode Date last seen Date last checked out Copy number Price effective from Koha item type
        Naharkatiya College Library Naharkatiya College Library General stacks 09/19/2020 20 491.451Assamese language | ASA 22435 04/05/2025 03/22/2025 1 09/19/2020 Books
        Naharkatiya College Library Naharkatiya College Library General stacks 09/19/2020 14 491.451Assamese language | ASA 22436 05/24/2025 04/05/2025 2 09/19/2020 Books
        Naharkatiya College Library Naharkatiya College Library General stacks 09/19/2020 6 491.451Assamese language | ASA 22437 02/23/2024 02/20/2024 3 09/19/2020 Books